JESUS. CULTURA E ATTUALITÀ CRISTIANA. DICEMBRE 1990. IL NUOVO NATALE DELL'EST. VIAGGIO TRA I CATTOLICI, CINA, URSS. (Record n. 335459)

Dettagli MARC
000 -LEADER
fixed length control field 01862nas a2200277Ia 4500
001 - CONTROL NUMBER
control field R053-S7914
003 - CONTROL NUMBER IDENTIFIER
control field IT-CnALBA
008 - FIXED-LENGTH DATA ELEMENTS--GENERAL INFORMATION
fixed length control field 170116c99999999xx |||||||||||| ||und||
040 ## - CATALOGING SOURCE
Original cataloging agency IT-CnALBA
Transcribing agency IT-CnALBA
041 ## - LANGUAGE CODE
Language code of text/sound track or separate title ITALIANO
999 ## - SYSTEM CONTROL NUMBERS (KOHA)
Koha Dewey Subclass [OBSOLETE] NO
100 ## - MAIN ENTRY--PERSONAL NAME
Personal name DEL COLLE BEPPE
210 ## - ABBREVIATED TITLE
Abbreviated title JESUS
222 ## - KEY TITLE
Key title JESUS
245 #0 - TITLE STATEMENT
Title JESUS. CULTURA E ATTUALITÀ CRISTIANA. DICEMBRE 1990. IL NUOVO NATALE DELL'EST. VIAGGIO TRA I CATTOLICI, CINA, URSS.
250 ## - EDITION STATEMENT
Edition statement 1a ed.
260 ## - PUBLICATION, DISTRIBUTION, ETC. (IMPRINT)
Place of publication, distribution, etc. CINISELLO BALSAMO (MI)
Name of publisher, distributor, etc. PERIODICI SAN PAOLO ED.
Date of publication, distribution, etc. 1990 [1° Ed.:1990 - Ed.Ling.Originale: 1990]
300 ## - PHYSICAL DESCRIPTION
Extent 130 p.
310 ## - CURRENT PUBLICATION FREQUENCY
Current publication frequency MENSILE
362 ## - DATES OF PUBLICATION AND/OR SEQUENTIAL DESIGNATION
Dates of publication and/or sequential designation Fascicolo: 12 / Anno: 12 (1990)
500 ## - GENERAL NOTE
General note CAMBIAMENTO DELLO OBIETTORE. IL SEGRETO DI FAMIGLIA CRISTIANA. NATALE ALL'EST. IL CASO CRISTO, MESSORI V. OBIETTORE ANNI ''90. INTERROGATIVI SUL SINODO, BOBBIO A. FERRO'' G. SAVONAROLA E LA PIRA. TEOLOGIA ALL'UNIVERSITÀ DI URBINO. BASTA NON ESISTE NELLA CARITÀ. IL SANTO DI CERVEUXUN SINODO PER L'AFRICA. POSTA DEI LETTORI. L'OPINIONE. IL MONDO CRISTIANO. L'AVVENIMENTO, DE ROSA G. PROVOCAZIONE E RISPOSTA. INDICE DEL 1990. OASI, BIBBIA A CONFRONTO. MORALE E COSCIENZA. RECENSIONI.
501 ## - WITH NOTE
With note Società San Paolo EM - Piazza San Paolo, 14 - 12051 ALBA (CN) (non commercial uses only) ® Copyright 2017
520 ## - SUMMARY, ETC.
Summary, etc. CAMBIAMENTO DELLO OBIETTORE. IL SEGRETO DI FAMIGLIA CRISTIANA. NATALE ALL'EST. IL CASO CRISTO, MESSORI V. OBIETTORE ANNI ''90. INTERROGATIVI SUL SINODO, BOBBIO A. FERRO'' G. SAVONAROLA E LA PIRA. TEOLOGIA ALL'UNIVERSITÀ DI URBINO. BASTA NON ESISTE NELLA CARITÀ. IL SANTO DI CERVEUXUN SINODO PER L'AFRICA. POSTA DEI LETTORI. L'OPINIONE. IL MONDO CRISTIANO. L'AVVENIMENTO, DE ROSA G. PROVOCAZIONE E RISPOSTA. INDICE DEL 1990. OASI, BIBBIA A CONFRONTO. MORALE E COSCIENZA. RECENSIONI.
650 ## - SUBJECT ADDED ENTRY--TOPICAL TERM
Topical term or geographic name as entry element SCIENZE UMANE E RELIGIOSE
942 ## - ADDED ENTRY ELEMENTS (KOHA)
Koha item type RIVISTA
957 ## -
-- 1
999 ## - SYSTEM CONTROL NUMBERS (KOHA)
-- 1
Dati di copia
Withdrawn status Lost status Damaged status Not for loan Home library Current library Date acquired Total Checkouts Full call number Date last seen Price effective from Koha item type Public note
    Buone Condizioni Not For Loan ALBA - Biblioteca ALBA - Biblioteca 16/01/2017   R053-S7914 16/01/2017 16/01/2017 RIVISTA (data import: 16 gennaio 2017) - By Epidotti, Vaglietti.
CREDITS: SOCIETA' SAN PAOLO Via A.Severo, 58 - ROMA (RM) & PERIODICI SAN PAOLO SRL Via Giotto, 36 MILANO & CISF Via Giotto, 36 MILANO & EDIZIONI SAN PAOLO SRL,  Piazza Soncino, 5 CINISELLO BALSAMO (MI) -- ITALY